Certificate geography Form 1 / (Record no. 1235)

000 -LEADER
fixed length control field 00582nam a22001937a 4500
003 - CONTROL NUMBER IDENTIFIER
control field OSt
005 - DATE AND TIME OF LATEST TRANSACTION
control field 20140116120848.0
008 - FIXED-LENGTH DATA ELEMENTS--GENERAL INFORMATION
fixed length control field 130930b xxu||||| |||| 00| 0 eng d
020 ## - INTERNATIONAL STANDARD BOOK NUMBER
International Standard Book Number 9780195731309
050 ## - LIBRARY OF CONGRESS CALL NUMBER
Classification number GB23.K37 2003
100 ## - MAIN ENTRY--PERSONAL NAME
Personal name Karuggah, Robert
245 ## - TITLE STATEMENT
Title Certificate geography Form 1 /
Statement of responsibility, etc Robert Karuggah and Paul Kibuuka .
260 ## - PUBLICATION, DISTRIBUTION, ETC. (IMPRINT)
Place of publication, distribution, etc Nairobi :
Name of publisher, distributor, etc Oxford Press Press, East Africa Ltd.,
Date of publication, distribution, etc 2003.
300 ## - PHYSICAL DESCRIPTION
Extent 148p. ;
Other physical details ill.
504 ## - BIBLIOGRAPHY, ETC. NOTE
Bibliography, etc Includes index.
650 ## - SUBJECT ADDED ENTRY--TOPICAL TERM
Topical term or geographic name as entry element Geography
General subdivision Study and teaching
-- Manual
700 ## - ADDED ENTRY--PERSONAL NAME
Personal name Kibuuka, Paul
942 ## - ADDED ENTRY ELEMENTS (KOHA)
Source of classification or shelving scheme
Koha item type Book
Holdings
Withdrawn status Lost status Source of classification or shelving scheme Damaged status Not for loan Home library Current library Date acquired Total Checkouts Total Renewals Full call number Barcode Date last seen Date checked out Copy number Price effective from Koha item type Cost, normal purchase price Checked out
          Riara University Library Riara University Library 30/09/2013 8 1 GB23.K37 2003 4294/13 27/02/2020 26/02/2020 C.1 30/09/2013 Book    
          Riara University Library Riara University Library 30/09/2013 3   GB23.K37 2003 4295/13 29/07/2014 29/07/2014 C.2 30/09/2013 Book 475.00 14/08/2014
          Riara University Library Riara University Library 30/09/2013 5   GB23.K37 2003 4296/13 26/08/2014 19/08/2014 C.3 30/09/2013 Book 475.00  
          Riara University Library Riara University Library 30/09/2013 7 1 GB23.K37 2003 4293/13 10/06/2017 20/04/2017 C.4 30/09/2013 Book 475.00  
          Riara University Library Riara University Library 30/09/2013 9 1 GB23.K37 2003 4353/13 24/02/2020 24/02/2020 C.5 30/09/2013 Book    
          Riara University Library Riara University Library 30/09/2013 13 2 GB23.K37 2003 4355/13 21/06/2018 17/05/2018 C.6 30/09/2013 Book    
          Riara University Library Riara University Library 30/09/2013 6   GB23.K37 2003 4356/13 09/12/2019 06/12/2019 C.7 30/09/2013 Book    
          Riara University Library Riara University Library 06/06/2014 6   GB23.K37 2003 4798/14 04/04/2018 23/03/2018 C.8 06/06/2014 Book    

Riara University Library,
P.O. Box 49940-00100,
Nairobi, Kenya.